00278nam a2200109 a 4500008004100000050001500041100001500056245004200071260002600113300002000139350000900159120416s1972 ||||||||||||||||| || u aQE 501 Tri aTricart, J10aIntroduction to climate geomorphology aLondonbLongmanc1972 axv, 295p. : ill a0.00